Kenneth Kaunda of Zambia : the times and the man (Record no. 86130)

MARC details
000 -LEADER
fixed length control field 00703nam a22002177a 4500
003 - CONTROL NUMBER IDENTIFIER
control field CBULib
005 - DATE AND TIME OF LATEST TRANSACTION
control field 20250429083812.0
008 - FIXED-LENGTH DATA ELEMENTS--GENERAL INFORMATION
fixed length control field 250429b |||||||| |||| 00| 0 eng d
040 ## - CATALOGING SOURCE
Language of cataloging English
Transcribing agency CBULib
Modifying agency CBULib
Description conventions rda
041 ## - LANGUAGE CODE
Language code of text/sound track or separate title eng
050 ## - LIBRARY OF CONGRESS CALL NUMBER
Classification number ZAM DT963.82.K39 Mac
100 ## - MAIN ENTRY--PERSONAL NAME
9 (RLIN) 4475
Personal name Macpherson, Fergus
245 ## - TITLE STATEMENT
Title Kenneth Kaunda of Zambia : the times and the man
Statement of responsibility, etc / by Fergus Macpherson
260 ## - PUBLICATION, DISTRIBUTION, ETC. (IMPRINT)
Place of publication, distribution, etc Lusaka :
Name of publisher, distributor, etc Oxford University Press
Date of publication, distribution, etc 1974
300 ## - PHYSICAL DESCRIPTION
Extent xviii, 478 pages : illustrations
336 ## - CONTENT TYPE
Source rdacontent
Content type term Text |
Content type code txt
337 ## - MEDIA TYPE
Source rdamedia
Media type term Unmediated |
Media type code n
338 ## - CARRIER TYPE
Source rdacarrier
Carrier type term Volume
Carrier type code nc
600 #0 - SUBJECT ADDED ENTRY--PERSONAL NAME
9 (RLIN) 4477
Personal name KAUNDA, KENNETH D. (KENNETH DAVID), 1924
942 ## - ADDED ENTRY ELEMENTS (KOHA)
Source of classification or shelving scheme
Koha item type ZAMBIANA COLLECTION
Holdings
Withdrawn status Lost status Source of classification or shelving scheme Damaged status Not for loan Collection code Permanent Location Current Location Shelving location Date acquired Source of acquisition Total Checkouts Full call number Barcode Date last seen Copy number Price effective from Koha item type
          Special Collections CBU-MAIN LIBRARY, KITWE. CBU-MAIN LIBRARY, KITWE. Special Collections 04/29/2025 DEP-MISC   ZAM DT 963.82.K39 Mac 018583 04/29/2025 1 04/29/2025 ZAMBIANA COLLECTION